000
00322nam a2200133Ia 4500
008
100328s9999 xx 000 0 und d
082
_b
17323
100
_a
शिवानी
245
_a
भैरवी
260
_b
शब्दकार
630
_a
भैरवी
730
_a
भैरवी
942
_c
BOOK
999
_c
511913
_d
511910